|
|
|
|
| LEADER |
00000cam a2200000 7i4500 |
| 001 |
0000003521 |
| 005 |
20161016093000.0 |
| 008 |
021118s1983 |
| 090 |
0 |
0 |
|a QL638.S35
|b D4
|
| 100 |
0 |
|
|a Nair, Devakie ,
|e author
|
| 245 |
1 |
0 |
|a Observations on the food and feeding habits of Euthynnus affinis (CANTOR) 1850 collected off the Terengganu coast
|c by Devakie a/p Madhava Nair
|
| 260 |
2 |
|
|c 1983
|
| 300 |
|
|
|a xi, 53 p. ;
|c 30 cm.
|
| 501 |
|
|
|a Project report, B. Sc. (Fisheries)--Universiti Pertanian Malaysia, 1983
|
| 650 |
|
0 |
|a Euthynnus
|
| 650 |
|
0 |
|a Scombridae
|
| 999 |
|
|
|a 1000054901
|b Book
|c Reference
|e Gong Badak Campus
|